000 00473nam a2200157Ia 4500
008 210716s2011 xx 000 0 und d
020 _a9789350247297
041 _aeng
082 _a519.53 BHAR
100 _aBharadwaj, R K; Chetiya, Anuradha Rajkonwar,Majumdar, Kakali.
245 _aQuantitative techniques for business managers.
250 _a1
260 _aNew Delhi
_bHimalaya Publishing House
_c2011
300 _a624
650 _aStatistical Mathematics(519.5)
999 _c206894
_d206894